Aislamiento e identificación de bacterias diazotróficas rizosféricas y endófitas asociadas a suelos y pastos de valle y sabana del Cesar en dos épocas climáticas / (Registro nro. 7244)

Detalles MARC
000 -CABECERA
Campo de control 01137nam a2200241 a 4500
005 - FECHA Y HORA DE LA ULTIMA TRANSACCION
Campo de control 20160209171034.0
008 - ELEMENTOS DE LONGITUD FIJA—INFORMACION GENERAL
Campo de control 090701s2007 ck a gr 000 0 spa d
020 ## - ISBN
ISBN 9789584429100
040 ## - FUENTE DE CATALOGACIÓN
Agencia catalogadora original CO-BoBLA
Agencia transcriptora CO-BoBLA
Agencia Modificadora CO-BoIAVH
041 0# - IDIOMA
Código de idioma para texto/pista de sonido o título separado Español
044 ## - PAÍS DE PUBLICACIÓN
País de publicación Colombia
082 04 - NUMERO DE CLASIFICACION DECIMAL DEWEY
Número de clasificación 633.2
Número del ítem G24a
100 1# - ASIENTO PRINCIPAL--NOMBRE PERSONAL
Nombre personal Garrido Rubiano, María Fernanda.
9 (RLIN) 58351
245 10 - MENCION DE TITULO
Título Aislamiento e identificación de bacterias diazotróficas rizosféricas y endófitas asociadas a suelos y pastos de valle y sabana del Cesar en dos épocas climáticas /
Mención de responsabilidad María Fernanda Garrido Rubiano.
260 3# - PUBLICACION, DISTRIBUCION, ETC. (PIE DE IMPRENTA)
Lugar de publicación, distribución, etc. Bogotá :
Nombre del editor, distribuidor, etc. Universidad Militar Nueva Granada. Facultad de Ciencias. Maestría en Biología Aplicada,
Fecha de publicación, distribución, etc. 2007.
300 ## - DESCRIPCION FISICA
Extensión 95 páginas :
Otros detalles físicos ilustraciones ;
Dimensiones 24 x 17 cm.
502 ## - NOTA DE TESIS
Nota de tesis Tesis (Maestría en biología aplicada) -- Universidad Militar Nueva Granada, 2007.
504 ## - NOTA DE BIBLIOGRAFIA, ETC.
Nota de bibliografía Incluye bibliografías.
650 #6 - ASIENTO SECUNDARIO DE MATERIA - TERMINO TEMATICO
Término temático o nombre geográfico como elemento de entrada Forraje
Subdivisión de forma Tesis y disertaciones académicas.
9 (RLIN) 58352
650 #6 - ASIENTO SECUNDARIO DE MATERIA - TERMINO TEMATICO
Término temático o nombre geográfico como elemento de entrada Bacterias
Subdivisión de forma Tesis y disertaciones académicas.
9 (RLIN) 58353
650 #6 - ASIENTO SECUNDARIO DE MATERIA - TERMINO TEMATICO
Término temático o nombre geográfico como elemento de entrada Fijación del nitrógeno
Subdivisión de forma Tesis y disertaciones académicas.
9 (RLIN) 58354
942 ## - ELEMENTOS ADICIONALES (KOHA)
Sistema de clasificación Dewey Decimal Classification
Tipo de ítem Libro
Existencias
Withdrawn status Lost status Sistema de Clasificación Damaged status No para préstamo Colección Inventariado Ubicación Permanente Ubicación actual Fecha de adquisición Fuente de Valor Valor Total Checkouts Número topográfico Inventario / Código de Barras Date last seen Ejemplar Price effective from Forma de adquisición Tipo de material
    Dewey Decimal Classification     General Inventariado 2017 Bogotá Bogotá 02/12/2009 Instituto 39000.00   LB-633.2 G24a 027845 04/12/2012 Ej.1 04/12/2012   Libro